000
00318nam a22001457a 4500
008
221212b ||||| |||| 00| 0 eng d
020
_a
9781323512234
041
_a
eng
080
_a
91
082
_a
91
100
_a
19.2
101
_a
GEO
245
_a
INTRODUCTION TO EARTH SYSTEMS
_c
BUSCH M R
942
_2
udc
_c
BK
999
_c
59156
_d
59156